|
|
|
|
| LEADER |
00000nab a2200000 a 4500 |
| 001 |
vtls000616492 |
| 003 |
SK-MaSNL |
| 005 |
20260304220219.0 |
| 008 |
250425c1997 xo 0 slo |
| 015 |
|
|
|a SNBRB19rr/mm-uuuuu
|
| 035 |
|
|
|a CL0616631
|
| 035 |
|
|
|a urn:nbn:sk:snk-abajpg
|
| 035 |
|
|
|a (urnnbn)urn:nbn:sk:snk:ar-008aup
|
| 035 |
|
|
|a (uuid)95320c65-a7df-4583-aa27-b07bbafb0387
|
| 040 |
|
|
|a SNKBUCL
|b slo
|c SNKBUCL
|e AACR2
|
| 041 |
0 |
|
|a slo
|
| 044 |
|
|
|a xo
|c SK
|
| 080 |
|
|
|a 327(100)
|2 1981
|
| 100 |
1 |
|
|a Szelepcsényi, Ján,
|d 1937-2025
|4 aut
|9 239462
|
| 245 |
1 |
0 |
|a Na ceste k svetovláde
|c Ján Szelepcsényi
|
| 300 |
|
|
|b Fotogr. 1
|
| 650 |
0 |
7 |
|a svetová politika
|2 snkbucl
|9 3783
|
| 650 |
0 |
7 |
|a Trojstranná komisia
|2 snkbucl
|9 1551567
|
| 651 |
|
7 |
|a Japonsko
|2 snkbucl
|9 16392
|
| 651 |
|
7 |
|a Severná Amerika
|2 snkbucl
|9 22757
|
| 651 |
|
7 |
|a Európa západná
|2 snkbucl
|9 162640
|
| 655 |
|
7 |
|a články z novín a časopisov
|2 snkbucl
|9 267496
|
| 700 |
1 |
|
|a Brzezinski, Zbigniew,
|d 1928-2017
|4 aut
|9 186630
|
| 700 |
1 |
|
|a Rockefeller, David,
|d 1915-2017
|4 aut
|9 171060
|
| 773 |
0 |
|
|t Literárny týždenník
|g Roč. 10, č. 8 (1997), s. 12-13
|x 0862-5999
|
| 850 |
|
|
|a Slovenská národná knižnica
|
| 852 |
|
|
|a Slovenská národná knižnica
|
| 954 |
|
|
|a odborná, vedecká literatúra pôvodná (slovenská)
|2 lita
|
| 958 |
|
|
|a article14
|
| 958 |
|
|
|a US
|
| 958 |
|
|
|a RK
|
| 958 |
|
|
|a OND
|
| 958 |
|
|
|a EUIPO
|
| 992 |
|
|
|a RBX
|
| 999 |
|
|
|c 3150754
|d 3152684
|